Detalles MARC
| 000 -LEADER |
| fixed length control field |
02099cam a2200325 a 4500 |
| 003 - CONTROL NUMBER IDENTIFIER |
| control field |
OSt |
| 005 - DATE AND TIME OF LATEST TRANSACTION |
| control field |
20200930113154.0 |
| 008 - FIXED-LENGTH DATA ELEMENTS--GENERAL INFORMATION |
| fixed length control field |
070725s2007 pe ad r 000 0 spa d |
| 015 ## - NATIONAL BIBLIOGRAPHY NUMBER |
| National bibliography number |
NNN |
| 020 ## - INTERNATIONAL STANDARD BOOK NUMBER |
| International Standard Book Number |
9789185724031 |
| 040 ## - CATALOGING SOURCE |
| Original cataloging agency |
CO-BoPUJ |
| Transcribing agency |
CO-JMCR |
| 041 0# - LANGUAGE CODE |
| Language code of text/sound track or separate title |
spa |
| 082 04 - DEWEY DECIMAL CLASSIFICATION NUMBER |
| Classification number |
324.298 / |
| Item number |
R769p |
| Edition number |
23 |
| 100 1# - MAIN ENTRY--PERSONAL NAME |
| Personal name |
Roncagliolo, Rafael, |
| Relator term |
autor |
| 9 (RLIN) |
10997 |
| 245 03 - TITLE STATEMENT |
| Title |
La política por dentro : |
| Remainder of title |
cambios y continuidades en las organizaciones políticas de los países andinos / |
| Statement of responsibility, etc. |
editores Rafael Roncagliolo y Carlos Meléndez |
| 250 ## - EDITION STATEMENT |
| Edition statement |
Primera edición |
| 260 ## - PUBLICATION, DISTRIBUTION, ETC. |
| Place of publication, distribution, etc. |
Perú : |
| Name of publisher, distributor, etc. |
International Idea : |
| -- |
Asociación Civil Transparencia, |
| Date of publication, distribution, etc. |
2007. |
| 300 ## - PHYSICAL DESCRIPTION |
| Extent |
459 páginas (5 hojas plegadas) : |
| Other physical details |
ilustraciones, cuadros y gráficas (algunos a color) y tablas ; |
| Dimensions |
24 cm. |
| 500 ## - GENERAL NOTE |
| General note |
Programa Ágora Democrática. |
| 504 ## - BIBLIOGRAPHY, ETC. NOTE |
| Bibliography, etc. note |
Incluye referencias bibliográficas. |
| 505 ## - FORMATTED CONTENTS NOTE |
| Title |
Los partidos Andinos / |
| Statement of responsibility |
Rafael Roncagliolo -- |
| Title |
Método del estudio / |
| Statement of responsibility |
Equipo de estudio. -- |
| Title |
Análisis comparado de las agrupaciones políticas de los países Andinos / |
| Statement of responsibility |
Carlos Meléndez -- |
| Title |
Partidos y sistemas de partidos en Bolivia / |
| Statement of responsibility |
Jimena Costa -- |
| Title |
Partidos y sistemas de partidos en Colombia / |
| Statement of responsibility |
Fernando Giraldo -- |
| Title |
Partidos y sistemas de partidos en el Ecuador / |
| Statement of responsibility |
Simón Pachano -- |
| Title |
Partidos y sistemas de partidos en el Péru / |
| Statement of responsibility |
Carlos Meléndez -- |
| Title |
Partidos y sistemas de partidos en Venezuela / |
| Statement of responsibility |
Margarita López Maya, |
| -- |
Carlos Meléndez -- |
| Title |
Los nuevos escenarios políticos en los países Andinos / |
| Statement of responsibility |
Carlos Meléndez |
| Title |
La agenda pendiente: los partidos Andinos entre la crisis y el cambio / |
| Statement of responsibility |
Rafael Roncagliolo |
| 650 14 - SUBJECT ADDED ENTRY--TOPICAL TERM |
| Topical term or geographic name entry element |
Partidos políticos |
| General subdivision |
Historia |
| Geographic subdivision |
Región Andina |
| 9 (RLIN) |
10998 |
| 650 24 - SUBJECT ADDED ENTRY--TOPICAL TERM |
| Topical term or geographic name entry element |
Sociedad civil |
| Geographic subdivision |
Región Andina |
| 9 (RLIN) |
10999 |
| 650 24 - SUBJECT ADDED ENTRY--TOPICAL TERM |
| Topical term or geographic name entry element |
Cultura política |
| Geographic subdivision |
Región Andina |
| 9 (RLIN) |
11000 |
| 650 24 - SUBJECT ADDED ENTRY--TOPICAL TERM |
| Topical term or geographic name entry element |
Democracia |
| Geographic subdivision |
Región Andina |
| 9 (RLIN) |
11001 |
| 700 1# - ADDED ENTRY--PERSONAL NAME |
| Personal name |
Roncagliolo, Rafael |
| Relator term |
editor |
| 9 (RLIN) |
10997 |
| 700 1# - ADDED ENTRY--PERSONAL NAME |
| Personal name |
Meléndez-Gómez, Carlos Mario |
| Relator term |
editor |
| 9 (RLIN) |
11002 |
| 942 ## - ADDED ENTRY ELEMENTS (KOHA) |
| Source of classification or shelving scheme |
Dewey Decimal Classification |
| Koha item type |
Books |